LEADER 00863nam0-22003011i-450- 001 990000277360403321 005 20001010 035 $a000027736 035 $aFED01000027736 035 $a(Aleph)000027736FED01 035 $a000027736 100 $a20001010d--------km-y0itay50------ba 101 0 $aita 105 $ay-------001yy 200 1 $aNonlinear Programming Analysis and Methodes$fMordecai Avriel. 210 $aEnglewood Cliffs$cPrentice-Hall$d1976 215 $aXV,512 p., 24 cm 225 1 $aPrentice-Hall series in automatic computation 676 $a519 700 1$aAvriel,$bMordecai$014366 801 0$aIT$bUNINA$gRICA$2UNIMARC 901 $aBK 912 $a990000277360403321 952 $a04 022-70$bIRC 947/L$fDINCH 959 $aDINCH 996 $aNonlinear Programming Analysis and Methodes$9119674 997 $aUNINA DB $aING01 LEADER 01550nam 2200385I 450 001 9910704618803321 005 20150803133917.0 035 $a(CKB)5470000002443530 035 $a(OCoLC)915367250 035 $a(EXLCZ)995470000002443530 100 $a20150803d2013 ua 0 101 0 $aeng 135 $aurcn||||||||| 181 $ctxt$2rdacontent 182 $cc$2rdamedia 183 $acr$2rdacarrier 200 10$aWater temperatures in select nearshore environments of the Colorado River in Grand Canyon, Arizona, during the steady summer flow experiment of 2000 /$fby William S. Vernieu and Craig R. Anderson 210 1$aReston, Virginia :$cU.S. Department of the Interior, U.S. Geological Survey,$d2013. 215 $a1 online resource (vi, 44 pages) $ccolor illustrations, color maps 225 1 $aOpen-file report ;$v2013-1066 300 $aTitle from title screen (viewed on July 15, 2015). 320 $aIncludes bibliographical reference (pages 41-44). 606 $aWater levels$zArizona$zGrand Canyon 606 $aWater temperature$zArizona$zGrand Canyon 615 0$aWater levels 615 0$aWater temperature 700 $aVernieu$b William S.$01416081 702 $aAnderson$b Craig R. 712 02$aGeological Survey (U.S.), 801 0$bGPO 801 1$bGPO 906 $aBOOK 912 $a9910704618803321 996 $aWater temperatures in select nearshore environments of the Colorado River in Grand Canyon, Arizona, during the steady summer flow experiment of 2000$93520141 997 $aUNINA